SENEGAL (Record no. 630784)

MARC details
000 -LEADER
fixed length control field 00510nam a22001817a 4500
003 - CONTROL NUMBER IDENTIFIER
control field 3228
005 - DATE AND TIME OF LATEST TRANSACTION
control field 20220222102959.0
008 - FIXED-LENGTH DATA ELEMENTS--GENERAL INFORMATION
fixed length control field 220222b sa ||||| |||| 00| 0 eng d
020 ## - INTERNATIONAL STANDARD BOOK NUMBER
International Standard Book Number 9781422222010
Qualifying information PAPER BACK
040 ## - CATALOGING SOURCE
Original cataloging agency OCLC
Transcribing agency RDA
082 ## - DEWEY DECIMAL CLASSIFICATION NUMBER
Classification number 966.3
Item number MULR
100 ## - MAIN ENTRY--PERSONAL NAME
Personal name MULROY TANYA
9 (RLIN) 130497
245 ## - TITLE STATEMENT
Title SENEGAL
Remainder of title The Evolution of africa s majoy nations
260 ## - PUBLICATION, DISTRIBUTION, ETC.
Place of publication, distribution, etc. Philadelphia
Name of publisher, distributor, etc. Mason crest publishers
300 ## - PHYSICAL DESCRIPTION
Extent 79 p
Other physical details ill colour
Dimensions 21cm
521 ## - TARGET AUDIENCE NOTE
Target audience note JUVENILLE
942 ## - ADDED ENTRY ELEMENTS
Source of classification or shelving scheme Dewey Decimal Classification
item type Book
Item part MALR
Holdings
Withdrawn status Lost status Source of classification or shelving scheme Damaged status Not for loan Collection code Home library Current library Shelving location Date acquired Total Checkouts Full call number Barcode Date last seen Price effective from item type
    Dewey Decimal Classification       KWAMHLANGA REGIONAL LIBRARY BOTLENG PUBLIC LIBRARY Children's Area 22.02.2022   966.3 MULR 33228031022193 22.02.2022 22.02.2022 Book